MDQL
is popping MORE tags! Check the
thread
!
Quizzes
Events
Quiz Creation
Community
Videos
Private Events
Remove Ads
Sign In
Join for FREE
Feedback
Dark Mode
Quiz Categories
Sports
Geography
Music
Movies
Television
Just For Fun
Miscellaneous
History
Literature
Language
Science
Gaming
Entertainment
Religion
Holiday
For Kids
Quiz Lab
Recent
Popular Today
Quiz Kudos Today
Editor Picks
Curator Picks
Quizzes by...
Day
Popularity
Type
Ratings
Length
Year
Community
Subscriptions
Recent Discussions
Orange Saloon
Badges
Playlists
Quests
Create
Leaderboards
Showdown
Live 5
Trivia Bingo
Activity
Puzzle Library
Sporcle Events
Private Events
Virtual Trivia
Globe League
Become a Host
Pub Owners
SporcleCon
Opinionation
Our Games
Videos
Blog
Mobile Apps
Partnerships
Remove Ads and Go Orange
Feedback
Sports
Athletes
MLB
NBA
NHL
NFL
Soccer
Sports Teams
WWE
NCAA
Football
Premier League
Basketball
Baseball
Hockey
Golf
Tennis
Cricket
Rugby
Auto Racing
Olympics
World Cup
Sports
Athletes
MLB
NBA
NHL
NFL
Soccer
Sports Teams
WWE
NCAA
Football
Premier League
Basketball
Baseball
Hockey
Golf
Tennis
Cricket
Rugby
Auto Racing
Olympics
World Cup
Random Quiz
Search Sporcle
×
Curator Pick
Curator Pick
Sports
NFL
Type in answers that appear in a list
Type in answers that appear in a list
Classic
Best Score? Go Orange.
NFL: 2nd Round Runningbacks Stats
Can you name the Runningbacks that have been drafted in the 2nd Round since 2000?
By
cdhmiamifan13
5m
28 Questions
2,473 Plays
2,473 Plays
2,473 Plays
Comments
Comments
Give Quiz Kudos
Give Quiz Kudos
-
- Ratings
hide this ad
Replay
Link that replays current quiz
Next Quiz
Link to next quiz in quiz playlist
You Got
0%
They Got
Avg Score
50%
Avg Friend Score
Upgrade to see
Score Distribution
Jump to the score distribution portion of the page
Score
0/28
Timer
05:00
0
Plays Today
Year
Runningback
% Correct
2004
Julius Jones
85.4%
2004
Greg Jones
85.2%
2009
LeSean McCoy
80.6%
2008
Matt Forte
80.3%
2011
Ryan Williams
80%
2008
Ray Rice
79.9%
2006
Maurice Jones-Drew
74.4%
2006
LenDale White
69.7%
2007
Brandon Jackson
69%
2011
Daniel Thomas
65.7%
2001
Anthony Thomas
65.2%
2010
Toby Gerhart
62.3%
2002
DeShaun Foster
58.8%
2010
Ben Tate
56.4%
Year
Runningback
% Correct
2002
Clinton Portis
52.3%
2004
Tatum Bell
46.5%
2007
Chris Henry
44.5%
2001
Travis Henry
44.4%
2010
Montario Hardesty
43.6%
2011
Mikel Leshoure
37.6%
2011
Shane Vereen
32%
2002
Maurice Morris
25.1%
2002
Ladell Betts
23.1%
2007
Brian Leonard
19.7%
2005
J.J. Arrington
14.8%
2001
LaMont Jordan
13.6%
2007
Kenny Irons
6.9%
2005
Eric Shelton
3.1%
Quiz Playlist
Details
Report
Send in Message
Add To Playlist
Classic:
Type in answers that appear in a list
Quiz Source
Last Updated: Feb 16, 2017
Curator Pick in
NFL
Quiz Scoreboard
CHALLENGE
Sign Up to Join the Scoreboard
Show All
Scores
Hide
Comments
May contain spoilers
Recently Published
Street Fighter Characters
by Artimus82
Gaming
60s
9x9 Crossword: Cartoon Network
by jackfrog10
Miscellaneous
3m
College Basketball Coaching Resumes
by pancakes188
Sports
9m
More to Explore
Quiz From the Vault
Featured Blog Post
Where Did the Easter Bunny Come From?
hide this ad
You Might Also Like...
Tags
Football Quiz
NFL Quiz
Draft
Running Backs
Vinny Testaverde
Today's Top Quizzes in Sports
Browse Sports
hide this ad
Today's Top Quizzes in NFL
Browse NFL
Top Contributed Quizzes in Sports
1
2022 World Cup Stars
2
Les meilleurs buteurs des matchs entre le PSG et l’OM
3
FIFA Club World Cup Champions
4
Les entraîneurs de l'OM et du PSG au 21e siècle
5
Criteria MLB: Left Handed Sluggers
6
2023 MLB Unique Player Accomplishments
7
AFC Teams Reveal (Wrong Answers Minefield)
8
5-to-1: FBS Animal Nicknames
9
Players with Multiple 50 Home Run Seasons
10
5-to-1: UK Sports Teams
Explore More
Trending Topics
Crossword
Harry Potter
Marvel
Disney
Anime
Kpop
NBA
WWE
Soccer
Country
The Office
NFL
Song
Pokémon
Puzzle
hide this ad
More By:
cdhmiamifan13
Quiz
Plays
Rating
Category
Featured
Created
NFL Top 10 Receiving Yards, 2000s & 2010s
184,503
4.47
Sports
Aug 13, 2011
NFL Rushing Leaders (Last 20 Seasons)
177,063
4.35
Sports
Jul 19, 2011
NFL Franchise Yards Leaders
165,248
4.60
Sports
Mar 3, 2011
NFL Rushing QBs, Last 20 Seasons
153,872
4.55
Sports
Feb 13, 2011
NFL Passing Leaders (2000s)
139,527
4.42
Sports
Nov 2, 2011
Go to Creator's Profile
Score Distribution
Quiz Creator Spotlight
cdhmiamifan13
Follow
Send a Message
Quizzes Created
-
Created Quiz Play Count
-
More By This Creator
Popular Quizzes Today
1
Find the US States - No Outlines Minefield
2
Find the Countries of Europe - No Outlines Minefield
3
The Countries of the World
4
Find the US States
5
Risky Map Clicking: Biggest States A-Z
6
US States
7
Popular People in 1961
8
Movies - When Are They Set?
More Sports Quizzes
Ligue 1 XIs: Caen since 1988/1989
Quiz Lab
Trending Quizzes
Risky Map Clicking: Least Populous States A-Z
Countries of the World: 200 Million BC
Billboard Blitz: Aretha Franklin
1-10 Letter G Words
Famous Russians: Author or Composer?
Recently Updated
Leaping Animals
pecheneg
Reality TV Shows (A-Z)
bhenderson79
Rickey Henderson's Hall of Fame Teammates
pecheneg
Champions League XIs: Arsenal
pecheneg
Quick Pick: Celebrities in WWE's Hall of Fame
aduchscher
A-Z Keypad Blitz II
pecheneg
Multiple Oscar Actors
pecheneg
Mystery Phrase Blitz: Oscar 'Best Actors'
pecheneg
F. Scott Fitzgerald Novels
LTH
Pick 3 Villains
ddd62291
Trending Topics
Harry Potter
Marvel
Anime
NBA
Crossword
Disney
Kpop
WWE
Song
NFL
Puzzle
Pokémon
Country
Soccer
The Office
Your Account Isn't Verified!
In order to create a playlist on Sporcle, you need to verify the email address you used during registration. Go to your
Sporcle Settings
to finish the process.
Report this User
Report this user for behavior that violates our
Community Guidelines
.
Details:
Send Report
Go to the Sporcle.com Mobile Site →
Comments